Principles of enterprise IT architecture / (Record no. 7485)

MARC details
000 -LEADER
fixed length control field 00721nam a22002172 4500
001 - CONTROL NUMBER
control field 0000007300
005 - DATE AND TIME OF LATEST TRANSACTION
control field 20151217152028.0
008 - FIXED-LENGTH DATA ELEMENTS--GENERAL INFORMATION
fixed length control field 080107s xx 000 0 eng d
020 ## - INTERNATIONAL STANDARD BOOK NUMBER
International Standard Book Number 8126508981 :
Terms of availability KES 3432
040 ## - CATALOGING SOURCE
Original cataloging agency KABU
Transcribing agency KABU
100 1# - MAIN ENTRY--PERSONAL NAME
Personal name Mallick, Sudeep.
-- 0000158530
245 10 - TITLE STATEMENT
Title Principles of enterprise IT architecture /
Statement of responsibility, etc. Sudeep Mallick, S. V. Subrahmanya, Manoj Subhadevan.
260 ## - PUBLICATION, DISTRIBUTION, ETC. (IMPRINT)
Place of publication, distribution, etc. New Delhi :
Name of publisher, distributor, etc. Wiley, India,
Date of publication, distribution, etc. 2006.
300 ## - PHYSICAL DESCRIPTION
Extent xx, 288 p.
650 #0 - SUBJECT ADDED ENTRY--TOPICAL TERM
Topical term or geographic name as entry element Business enterprises
General subdivision Data processing.
-- 0000158531
700 1# - ADDED ENTRY--PERSONAL NAME
Personal name Subrahmanya, S. V.
-- 0000158532
700 1# - ADDED ENTRY--PERSONAL NAME
Personal name Subhadevan, Manoj.
-- 0000158533
908 ## - PUT COMMAND PARAMETER (RLIN)
Put command parameter 080107
950 ## - LOCAL HOLDINGS (RLIN)
-- 1
Holdings
Withdrawn status Lost status Source of classification or shelving scheme Not for loan Home library Current library Date acquired Total Checkouts Full call number Barcode Date last seen Price effective from Koha item type
    Library of Congress Classification   Kabarak, Main Campus Kabarak, Main Campus 17/12/2015   HF5548.2 .M35 010755 02/08/2024 17/12/2015 General Collection
Designed with assistance from East African Informatics Ltd